00959nam a2200229 i 45000010005000000030009000050050017000140070003000310080041000340200018000750800019000930800020001121000031001322450140001632600072003033000030003755000154004056510050005596510055006097000032006648520033006968879ES-MaACL20250808063452.0t|921110r19851850sp ||||1| spa d a84-86047-62-5 a9(465.23)(038) a91(465.23)(038)1 aMadoz, Pascual,d1806-187010aDiccionario geográfico-estadístico-histórico de Aragón. Teruel /cPascual Madoz ; [editor de la obra, Domingo Sánchez Zurro]. aValladolid : bAmbito : bDiputación General de Aragón, c1985. a206 p. : bil. ; c27 cm. aReprod. parcial del Diccionario geográfico-estadístico-histórico de España y sus posesiones de ultramar por Pascual Madoz. Madrid, 1845-1850. 4aTeruel (Provincia)-xHistoria-vDiccionarios. 4aTeruel (Provincia)-xDescripción-vDiccionarios.1 aSánchez Zurro, Domingo J. aES-MaACLjL-16358 bR.121034